header

Leibniz & Clarke (Record no. 3915)

MARC details
000 -LEADER
fixed length control field 01725nam a2200397Ia 4500
082 04 - DEWEY DECIMAL CLASSIFICATION NUMBER
Classification number 193
100 1# - MAIN ENTRY--AUTHOR NAME
Personal name Vailati, Ezio.
245 10 - TITLE STATEMENT
Title Leibniz & Clarke
260 ## - PUBLICATION, DISTRIBUTION, ETC. (IMPRINT)
Place of publication New York :
Name of publisher Oxford University Press,
Year of publication c1997.
300 ## - PHYSICAL DESCRIPTION
Number of Pages xii, 250 p.
650 #0 - SUBJECT ADDED ENTRY--TOPICAL TERM
Topical Term Metaphysics
Topical Term Natural theology
Topical Term Physics
856 40 - ELECTRONIC LOCATION AND ACCESS
Uniform Resource Identifier http://site.ebrary.com/lib/rucke/Doc?id=10279356

No items available.

© 2026 Rongo University
Contact us: librarian | system librarian | Rongo university